000 00408pab a2200157 454500
008 180718b2011 xxu||||| |||| 00| 0 eng d
100 _aTiwari, Munish Kumar
245 _aProcess of learning with new models and new processes
260 _c2011
300 _ap.44-52.
362 _aJul-Sep
650 _aLearning
773 _aIndian Journal of Training and Development
908 _aN
909 _a94986
999 _c94986
_d94986